| 000 | 00443nam a2200145 a 4500 | ||
|---|---|---|---|
| 001 | 000039086 | ||
| 005 | 20201002031505.0 | ||
| 008 | 130520s1999 dr 000 0 spa d | ||
| 040 |
_aDO-SdBNP _bspa _cBNPHU |
||
| 245 | 0 | 0 |
_aIncarnationis mysterium : _bBula de convocación del gran jubileo del año 2000. |
| 250 | _a2a. ed. | ||
| 260 |
_aSanto Domingo : _bMSC, _c1999. |
||
| 300 |
_a34 p. ; _c23 cm. |
||
| 534 |
_aIncarnationis mysterium _lespañol |
||
| 999 |
_c38576 _d38576 |
||